000
00334nam a2200133Ia 4500
008
150201s2014 xx 000 0 und d
082
_a
617.632
_b
P2011B
100
_a
BATHLA ,SHALU
245
_a
PERIODONTICS REVISITED
250
_a
1ST
260
_b
JAYPEE BROTHERS MEDICAL PUBLISHERS
650
_a
PERIODONTICS
942
_2
ddc
_c
BK
_0
1
999
_c
4879
_d
4879